[Event "Novosibirsk Region-ch sf"]
[Site "Novosibirsk"]
[Date "2010.10.24"]
[Round "9"]
[White "Krasnov, Yury"]
[Black "Ershov, Kirill"]
[Result "0-1"]
[WhiteElo "2029"]
[BlackElo "1866"]
[PlyCount "48"]
[EventDate "2010.??.??"]
[EventType "swiss"]
[EventRounds "9"]
[EventCountry "RUS"]
[SourceTitle "EXT 2014"]
[Source "ChessBase"]
[SourceDate "2013.11.20"]
[SourceVersion "1"]
[SourceVersionDate "2013.11.20"]
[SourceQuality "1"]

1. Nf3 Nf6 2. d4 c5 3. c4 cxd4 4. Nxd4 e5 5. Nb5 d5 6. cxd5 Bc5 7. e3 0-0 8. N5c3 e4 9. Nd2 Bf5 10. Nb3 Bb4 11. Bc4 Nbd7 12. Nd4 Bg6 13. Ne6 fxe6 14. dxe6 Kh8 15. exd7 Nxd7 16. Qb3 Bxc3+ 17. Qxc3 Qg5 18. g3 Qf5 19. Rf1 Ne5 20. Be2 Rac8 21. Qa3 Nf3+ 22. Bxf3 Qxf3 23. h3 Rfd8 24. Bd2 Rc2 0-1

[Event "Novosibirsk Region-ch sf"]
[Site "Novosibirsk"]
[Date "2010.10.21"]
[Round "6"]
[White "Stepanenko, Leonid"]
[Black "Krasnov, Yury"]
[Result "0-1"]
[WhiteElo "1858"]
[BlackElo "2029"]
[PlyCount "76"]
[EventDate "2010.??.??"]
[EventType "swiss"]
[EventRounds "9"]
[EventCountry "RUS"]
[SourceTitle "EXT 2014"]
[Source "ChessBase"]
[SourceDate "2013.11.20"]
[SourceVersion "1"]
[SourceVersionDate "2013.11.20"]
[SourceQuality "1"]

1. c4 Nf6 2. d4 e6 3. Nc3 c5 4. d5 exd5 5. cxd5 d6 6. e4 g6 7. Bd3 Bg7 8. Nf3 0-0 9. 0-0 Bg4 10. h3 Bxf3 11. Qxf3 a6 12. a4 Nbd7 13. Bf4 Qe7 14. Qg3 Ne8 15. Rfe1 Ne5 16. Re2 Nc7 17. Rae1 c4 18. Bc2 b5 19. Bg5 f6 20. Bd2 b4 21. Nd1 a5 22. f4 Nd7 23. Be3 Na6 24. Bd4 Nac5 25. e5 fxe5 26. fxe5 dxe5 27. Nf2 Qf7 28. Bxc5 Nxc5 29. Ng4 Qxd5 30. Nxe5 Rae8 31. Nf3 Rxe2 32. Rxe2 b3 33. Bb1 Bxb2 34. Rxb2 c3 35. Bxg6 Rxf3 36. gxf3 Qd4+ 37. Rf2 hxg6 38. Qxg6+ Qg7 0-1

[Event "Novosibirsk Region-ch sf"]
[Site "Novosibirsk"]
[Date "2010.10.18"]
[Round "3"]
[White "Krasnov, Yury"]
[Black "Vshivkov, Vitaly"]
[Result "1-0"]
[WhiteElo "2029"]
[BlackElo "1842"]
[PlyCount "47"]
[EventDate "2010.??.??"]
[EventType "swiss"]
[EventRounds "9"]
[EventCountry "RUS"]
[SourceTitle "EXT 2014"]
[Source "ChessBase"]
[SourceDate "2013.11.20"]
[SourceVersion "1"]
[SourceVersionDate "2013.11.20"]
[SourceQuality "1"]

1. Nf3 Nf6 2. g3 d5 3. Bg2 c6 4. 0-0 Nbd7 5. d3 e5 6. e4 dxe4 7. dxe4 Qc7 8. Nbd2 Bc5 9. Nb3 Bb6 10. a4 a6 11. Qe2 0-0 12. a5 Ba7 13. Bg5 h6 14. Be3 c5 15. Nfd2 b5 16. axb6 Bxb6 17. f4 a5 18. Nc4 Ba6 19. Nbd2 Rfe8 20. b3 Bb5 21. fxe5 Nxe5 22. Rxf6 gxf6 23. Bxh6 Nxc4 24. Qg4+ 1-0

[Event "Novosibirsk Region-ch sf"]
[Site "Novosibirsk"]
[Date "2010.10.16"]
[Round "1"]
[White "Krasnov, Yury"]
[Black "Chernova, Anna"]
[Result "1-0"]
[WhiteElo "2029"]
[BlackElo "1737"]
[PlyCount "113"]
[EventDate "2010.??.??"]
[EventType "swiss"]
[EventRounds "9"]
[EventCountry "RUS"]
[SourceTitle "EXT 2014"]
[Source "ChessBase"]
[SourceDate "2013.11.20"]
[SourceVersion "1"]
[SourceVersionDate "2013.11.20"]
[SourceQuality "1"]

1. Nf3 Nf6 2. g3 g6 3. c4 Bg7 4. Bg2 0-0 5. 0-0 d5 6. cxd5 Nxd5 7. Nc3 Nb6 8. Qc2 Nc6 9. a3 a5 10. b3 Be6 11. Bb2 Qd7 12. Ne4 Bxb2 13. Qxb2 Qd5 14. Nfg5 Qxb3 15. Qxb3 Bxb3 16. Nc5 Bc4 17. d3 Ba6 18. Nxa6 Rxa6 19. Rfc1 Nd7 20. Rab1 Rb8 21. Rb2 Kg7 22. e3 Nde5 23. Rc3 e6 24. d4 Nd7 25. d5 exd5 26. Bxd5 Nb6 27. Bxc6 bxc6 28. Rxc6 Nc4 29. Ne6+ Kh6 30. Rxa6 Rxb2 31. Nxc7 Rb1+ 32. Kg2 Rb3 33. Rc6 Nxa3 34. Rc5 a4 35. Ra5 Rb4 36. Nd5 Re4 37. Nc3 Rc4 38. Nxa4 Rc2 39. Nb6 Rc3 40. Nd5 Rb3 41. g4 Rb5 42. Rxb5 Nxb5 43. h4 Nd6 44. f3 f5 45. Kg3 Kg7 46. Kf4 h6 47. gxf5 gxf5 48. Ke5 Nf7+ 49. Kxf5 Nd8 50. e4 Kf7 51. e5 Ne6 52. f4 Ng7+ 53. Ke4 Ke6 54. f5+ Kf7 55. Nf6 Kf8 56. Ng4 h5 57. Nf6 1-0

[Event "Novosibirsk April op"]
[Site "Novosibirsk"]
[Date "2010.04.03"]
[Round "2"]
[White "Krasnov, Yury"]
[Black "Anikin, Roman"]
[Result "1/2-1/2"]
[WhiteElo "2093"]
[BlackElo "1890"]
[PlyCount "20"]
[EventDate "2010.04.02"]
[EventType "swiss"]
[EventRounds "9"]
[EventCountry "RUS"]
[SourceTitle "EXT 2011"]
[Source "ChessBase"]
[SourceDate "2010.11.26"]
[SourceVersion "1"]
[SourceVersionDate "2010.11.26"]
[SourceQuality "1"]

1. Nf3 Nf6 2. g3 g6 3. c4 Bg7 4. Bg2 0-0 5. 0-0 d5 6. d3 c6 7. cxd5 Nxd5 8. Qb3 Qb6 9. Nbd2 h6 10. Nc4 Qxb3 1/2-1/2

[Event "Novosibirsk op 03"]
[Site "Novosibirsk"]
[Date "2009.03.20"]
[Round "3"]
[White "Krasnov, Yury"]
[Black "Chuguev, Anton"]
[Result "1/2-1/2"]
[WhiteElo "2099"]
[BlackElo "2214"]
[PlyCount "103"]
[EventDate "2009.03.17"]
[EventType "swiss"]
[EventRounds "9"]
[EventCountry "RUS"]
[SourceTitle "EXT 2012"]
[Source "ChessBase"]
[SourceDate "2011.11.24"]
[SourceVersion "1"]
[SourceVersionDate "2011.11.24"]
[SourceQuality "1"]

1. Nf3 Nf6 2. g3 b5 3. Bg2 Bb7 4. 0-0 e6 5. d4 c5 6. c3 Qb6 7. Be3 Ne4 8. Nbd2 Nxd2 9. Qxd2 Be4 10. dxc5 Bxc5 11. Bxc5 Qxc5 12. Qd4 Qxd4 13. Nxd4 Bxg2 14. Kxg2 a6 15. a4 bxa4 16. Rxa4 Kd8 17. b4 Kc7 18. Rfa1 Kb6 19. c4 d6 20. Nb5 Kc6 21. Nd4+ Kb7 22. Nb3 Nc6 23. c5 d5 24. Na5+ Nxa5 25. Rxa5 Rhc8 26. Kf3 Rc6 27. Ke3 e5 28. b5 Rxc5 29. bxa6+ Kb6 30. Rxc5 Kxc5 31. Ra5+ Kc4 32. a7 f5 33. f4 d4+ 34. Kd2 e4 35. Kc2 Kb4 36. Ra2 Kc5 37. Kb3 Kb5 38. Ra1 h5 39. h4 Kc5 40. Ra2 d3 41. exd3 Kd4 42. dxe4 fxe4 43. Kc2 Ke3 44. Kd1 Kf3 45. Ra3+ e3 46. Ke1 Kxg3 47. Rxe3+ Kxh4 48. Re6 Rxa7 49. Rg6 Rf7 50. Kf2 Rxf4+ 51. Kg2 Ra4 52. Rxg7 1/2-1/2

[Event "Novosibirsk-ch op"]
[Site "Novosibirsk"]
[Date "2009.02.22"]
[Round "5"]
[White "Krasnov, Yury"]
[Black "Novikova, Anna"]
[Result "1/2-1/2"]
[WhiteElo "2035"]
[BlackElo "2230"]
[PlyCount "39"]
[EventDate "2009.02.18"]
[EventType "swiss"]
[EventRounds "9"]
[EventCountry "RUS"]
[SourceTitle "CBM 129 Extra"]
[Source "ChessBase"]
[SourceDate "2009.05.05"]
[SourceVersion "2"]
[SourceVersionDate "2009.05.20"]
[SourceQuality "1"]

1. c4 e6 2. Nf3 d5 3. g3 Nf6 4. Bg2 c6 5. cxd5 exd5 6. 0-0 Bd6 7. d3 0-0 8. Nc3 Re8 9. e4 Nbd7 10. Re1 dxe4 11. dxe4 Bb4 12. Qc2 Qa5 13. Bd2 Qh5 14. Rad1 Nf8 15. Ne2 Bxd2 16. Nxd2 Ng6 17. Nc4 Ng4 18. h3 N4e5 19. Nxe5 Qxe5 20. Qc3 1/2-1/2

[Event "Novosibirsk-ch op"]
[Site "Novosibirsk"]
[Date "2009.02.20"]
[Round "3"]
[White "Kazakov, Peter"]
[Black "Krasnov, Yury"]
[Result "0-1"]
[WhiteElo "2332"]
[BlackElo "2035"]
[PlyCount "56"]
[EventDate "2009.02.18"]
[EventType "swiss"]
[EventRounds "9"]
[EventCountry "RUS"]
[SourceTitle "CBM 129 Extra"]
[Source "ChessBase"]
[SourceDate "2009.05.05"]
[SourceVersion "2"]
[SourceVersionDate "2009.05.20"]
[SourceQuality "1"]

1. e4 c5 2. Nf3 e6 3. d4 cxd4 4. Nxd4 Nc6 5. Nxc6 bxc6 6. c4 Nf6 7. Bd3 d5 8. Nd2 Be7 9. Qc2 Qd6 10. b3 dxe4 11. Nxe4 Nxe4 12. Bxe4 f5 13. Bf3 Qe5+ 14. Kf1 Qxa1 15. Bxc6+ Kf7 16. Bxa8 Bg5 17. f4 Bxf4 18. Kf2 Rd8 19. Bxf4 Qxh1 20. Bf3 Qa1 21. c5 e5 22. Bg5 Qd4+ 23. Kg3 f4+ 24. Kh4 h6 25. Bxh6 e4 26. Bh5+ g6 27. Bxf4 gxh5 28. c6 Rg8 0-1

[Event "Novosibirsk-ch op"]
[Site "Novosibirsk"]
[Date "2009.02.18"]
[Round "1"]
[White "Kezin, Roman"]
[Black "Krasnov, Yury"]
[Result "1/2-1/2"]
[WhiteElo "2226"]
[BlackElo "2035"]
[PlyCount "84"]
[EventDate "2009.02.18"]
[EventType "swiss"]
[EventRounds "9"]
[EventCountry "RUS"]
[SourceTitle "CBM 129 Extra"]
[Source "ChessBase"]
[SourceDate "2009.05.05"]
[SourceVersion "2"]
[SourceVersionDate "2009.05.20"]
[SourceQuality "1"]

1. d4 Nf6 2. c4 e6 3. Nc3 c5 4. d5 exd5 5. cxd5 d6 6. Nf3 g6 7. e4 a6 8. a4 Bg4 9. Qb3 Bxf3 10. Qxb7 Nbd7 11. gxf3 Bg7 12. Bg2 0-0 13. 0-0 Ne5 14. f4 Nd3 15. e5 dxe5 16. fxe5 Ng4 17. f4 Qh4 18. h3 Ngf2 19. d6 Nxh3+ 20. Bxh3 Qxh3 21. Qf3 Qxf3 22. Rxf3 Ne1 23. Rf1 Nc2 24. Rb1 Rab8 25. Rf2 Nb4 26. Be3 g5 27. Rd2 gxf4 28. Bxf4 Nc6 29. Re1 Nd4 30. Kf2 Ne6 31. Nd5 f6 32. exf6 Nxf4 33. fxg7 Kxg7 34. Nxf4 Rxf4+ 35. Kg3 Rf7 36. Rc1 Rc8 37. Rd5 Rd7 38. Kf4 Kf6 39. b4 c4 40. Rc5 Rcd8 41. R1xc4 Rxd6 42. Rc6 Ke6 1/2-1/2

[Event "Novosibirsk-ch op"]
[Site "Novosibirsk"]
[Date "2009.02.18"]
[Round "1"]
[White "Krasnov, Yury"]
[Black "Giljazitdinov, Eduard"]
[Result "1-0"]
[WhiteElo "2035"]
[BlackElo "2141"]
[PlyCount "89"]
[EventDate "2009.02.18"]
[EventType "swiss"]
[EventRounds "9"]
[EventCountry "RUS"]
[SourceTitle "CBM 129 Extra"]
[Source "ChessBase"]
[SourceDate "2009.05.05"]
[SourceVersion "2"]
[SourceVersionDate "2009.05.20"]
[SourceQuality "1"]

1. Nf3 Nf6 2. g3 g6 3. c4 Bg7 4. Bg2 d6 5. 0-0 e5 6. Nc3 Nc6 7. Rb1 Bf5 8. d3 Qd7 9. b4 Bh3 10. Bg5 Ne7 11. Bxf6 Bxf6 12. Bxh3 Qxh3 13. Qa4+ Qd7 14. Qb3 Bg7 15. b5 0-0 16. Nd5 h6 17. Rbc1 Nxd5 18. cxd5 f5 19. Rc4 f4 20. Rfc1 fxg3 21. hxg3 Qh3 22. Rxc7 Rae8 23. R1c4 e4 24. Rxe4 g5 25. Qc4 Qf5 26. Rxe8 Rxe8 27. Nd4 Qe5 28. Ne6 Bf6 29. Qe4 Qxe4 30. dxe4 Re7 31. Rxe7 Bxe7 32. g4 Kf7 33. e3 Bf6 34. Kg2 Kg6 35. f4 Kf7 36. Kf3 Ke7 37. Nd4 Kd7 38. Nf5 Kc7 39. Nxh6 Kb6 40. Nf5 Kc5 41. Nd4 gxf4 42. Ne6+ Kxb5 43. exf4 Kc4 44. g5 Bh8 45. f5 1-0

[Event "Dimitrovgrad-ch"]
[Site "Dimitrovgrad"]
[Date "2009.??.??"]
[Round "4"]
[White "Krasnov, Yury"]
[Black "Chesnokov, Gennady"]
[Result "1/2-1/2"]
[WhiteElo "2095"]
[BlackElo "2015"]
[PlyCount "74"]
[EventDate "2009.08.??"]
[EventType "swiss"]
[EventRounds "9"]
[EventCountry "RUS"]
[SourceTitle "EXT 2012"]
[Source "ChessBase"]
[SourceDate "2011.11.24"]
[SourceVersion "1"]
[SourceVersionDate "2011.11.24"]
[SourceQuality "1"]

1. Nf3 d5 2. g3 Nf6 3. Bg2 Nbd7 4. 0-0 e5 5. d4 e4 6. Ne5 Bd6 7. c4 Nxe5 8. dxe5 Bxe5 9. cxd5 Qxd5 10. Qxd5 Nxd5 11. Bxe4 Nf6 12. Bf3 0-0 13. Rd1 c6 14. Nc3 Be6 15. Be3 Bxc3 16. bxc3 Bd5 17. Kg2 Bxf3+ 18. Kxf3 Nd5 19. Bc5 Rfe8 20. Rd3 b6 21. Ba3 f5 22. c4 Nf6 23. Rd6 c5 24. Bb2 Kf7 25. Bxf6 gxf6 26. Rd7+ Re7 27. Rxe7+ Kxe7 28. Rd1 Ke6 29. a4 Rg8 30. h3 Rc8 31. Kf4 a6 32. Rd3 b5 33. axb5 axb5 34. cxb5 c4 35. Rc3 Kd5 36. Ke3 Rb8 37. Kd2 Rxb5 1/2-1/2

[Event "Novosibirsk November op"]
[Site "Novosibirsk"]
[Date "2008.11.26"]
[Round "6"]
[White "Krasnov, Yury"]
[Black "Moskalev, Alexander"]
[Result "1/2-1/2"]
[WhiteElo "2054"]
[BlackElo "1706"]
[PlyCount "132"]
[EventDate "2008.11.20"]
[EventType "swiss"]
[EventRounds "9"]
[EventCountry "RUS"]
[SourceTitle "EXT 2022"]
[Source "ChessBase"]
[SourceDate "2021.10.06"]
[SourceVersion "1"]
[SourceVersionDate "2021.10.06"]
[SourceQuality "1"]

1. Nf3 d5 2. g3 c6 3. Bg2 e6 4. d4 f5 5. 0-0 Nf6 6. c4 Bd6 7. Bg5 0-0 8. Ne5 Bd7 9. Nd2 Be8 10. Rb1 Nbd7 11. f4 h6 12. Nxd7 Qxd7 13. Bxf6 Rxf6 14. e3 Bg6 15. b4 Qe8 16. Bf3 Rf8 17. a4 Qe7 18. Qb3 Rfb8 19. Rfc1 Be8 20. c5 Bc7 21. Be2 Qd8 22. Qc3 g5 23. Kh1 Kg7 24. Nb3 Qe7 25. Rb2 g4 26. Kg2 h5 27. Rcb1 Bd7 28. Nc1 h4 29. Nd3 Kg6 30. Rh1 Rh8 31. Rbb1 Rh7 32. Nf2 Rah8 33. Qc2 Kf7 34. Qb2 Rh6 35. Qa1 Kg8 36. Bd3 Rh5 37. Rbc1 Qf6 38. Qb1 Be8 39. Be2 R5h7 40. Nd3 Rh6 41. Nf2 Qg7 42. Rcg1 R8h7 43. Bd3 Qg6 44. Kf1 Kf8 45. Ke2 Rh8 46. Qe1 Qf6 47. Qf1 Rg8 48. Kd2 Bd8 49. Be2 Rhh8 50. h3 gxh3 51. Rxh3 hxg3 52. Rhxg3 Rxg3 53. Rxg3 Rh6 54. Qg2 Qh8 55. Rh3 Rxh3 56. Nxh3 Qh4 57. Ng1 Bh5 58. Bxh5 Qxh5 59. Nf3 Bf6 60. b5 Kf7 61. Qg3 Qh1 62. Ng5+ Bxg5 63. Qxg5 Qh2+ 64. Kd3 Qh3 65. Qg1 Qf3 66. Kd2 Qh3 1/2-1/2

[Event "Tula Sinitsin Memorial"]
[Site "Tula "]
[Date "2007.04.21"]
[Round "10"]
[White "Krasnov, Yury"]
[Black "Grebenshikova, Tatyana"]
[Result "1/2-1/2"]
[WhiteElo "2246"]
[BlackElo "2024"]
[PlyCount "29"]
[EventDate "2007.04.06"]
[EventType "tourn"]
[EventRounds "13"]
[EventCountry "RUS"]
[SourceTitle "EXT 2008"]
[Source "ChessBase"]
[SourceDate "2007.11.25"]
[SourceVersion "1"]
[SourceVersionDate "2007.11.25"]
[SourceQuality "1"]

1. e4 d5 2. exd5 Nf6 3. c4 c6 4. d4 cxd5 5. Nc3 Nc6 6. cxd5 Nxd5 7. Nf3 Bg4 8. Be2 e6 9. 0-0 Be7 10. h3 Bh5 11. Qb3 Qb6 12. Qxb6 Nxb6 13. g4 Bg6 14. Bb5 0-0-0 15. Be3 1/2-1/2

[Event "Tula Sinitsin Memorial"]
[Site "Tula "]
[Date "2007.04.19"]
[Round "8"]
[White "Krasnov, Yury"]
[Black "Zhukov, Vladimir"]
[Result "1/2-1/2"]
[WhiteElo "2246"]
[BlackElo "1948"]
[PlyCount "45"]
[EventDate "2007.04.06"]
[EventType "tourn"]
[EventRounds "13"]
[EventCountry "RUS"]
[SourceTitle "EXT 2008"]
[Source "ChessBase"]
[SourceDate "2007.11.25"]
[SourceVersion "1"]
[SourceVersionDate "2007.11.25"]
[SourceQuality "1"]

1. e4 e6 2. d4 d5 3. exd5 exd5 4. c4 Nf6 5. Nc3 Bb4 6. Bd3 0-0 7. Nge2 dxc4 8. Bxc4 Nbd7 9. 0-0 Nb6 10. Bb3 c6 11. Bg5 Be7 12. Re1 Nfd5 13. Bxe7 Nxe7 14. Nf4 Ng6 15. Nxg6 hxg6 16. d5 cxd5 17. Nxd5 Nxd5 18. Qxd5 Qxd5 19. Bxd5 Rd8 20. Rad1 Bf5 21. Bxb7 Rxd1 22. Rxd1 Rb8 23. Bd5 1/2-1/2

[Event "Tula Sinitsin Memorial"]
[Site "Tula "]
[Date "2007.04.18"]
[Round "7"]
[White "Shibaeva, Lilia"]
[Black "Krasnov, Yury"]
[Result "1/2-1/2"]
[WhiteElo "2151"]
[BlackElo "2246"]
[PlyCount "22"]
[EventDate "2007.04.06"]
[EventType "tourn"]
[EventRounds "13"]
[EventCountry "RUS"]
[SourceTitle "EXT 2008"]
[Source "ChessBase"]
[SourceDate "2007.11.25"]
[SourceVersion "1"]
[SourceVersionDate "2007.11.25"]
[SourceQuality "1"]

1. e4 e5 2. Nf3 Nc6 3. Bb5 d6 4. d4 Bd7 5. d5 Nb8 6. Bxd7+ Nxd7 7. c4 Ngf6 8. Nc3 Be7 9. 0-0 0-0 10. Ne1 Nc5 11. Qc2 Ncd7 1/2-1/2

[Event "Tula Sinitsin Memorial"]
[Site "Tula "]
[Date "2007.04.06"]
[Round "1"]
[White "Krasnov, Yury"]
[Black "Chubakov, Oleg"]
[Result "0-1"]
[WhiteElo "2246"]
[BlackElo "2128"]
[PlyCount "42"]
[EventDate "2007.04.06"]
[EventType "tourn"]
[EventRounds "13"]
[EventCountry "RUS"]
[SourceTitle "EXT 2008"]
[Source "ChessBase"]
[SourceDate "2007.11.25"]
[SourceVersion "1"]
[SourceVersionDate "2007.11.25"]
[SourceQuality "1"]

1. e4 d6 2. f4 e5 3. fxe5 Qh4+ 4. Ke2 Qxe4+ 5. Kf2 Qd4+ 6. Ke2 Bg4+ 7. Nf3 Nc6 8. Ke1 Bxf3 9. Qxf3 Qxe5+ 10. Kd1 0-0-0 11. Qxf7 Nf6 12. Qb3 Ne4 13. Qe3 Qd4 14. Ke1 Re8 15. c3 Qd5 16. Be2 Be7 17. Kd1 Bg5 18. Qh3+ Kb8 19. Rf1 Qc5 20. d4 Nxd4 21. cxd4 Qxc1# 0-1

[Event "Tula"]
[Site "Tula "]
[Date "2007.02.20"]
[Round "13"]
[White "Krasnov, Yury"]
[Black "Abbasov, Farid"]
[Result "0-1"]
[WhiteElo "2313"]
[BlackElo "2444"]
[PlyCount "68"]
[EventDate "2007.02.13"]
[EventType "tourn"]
[EventRounds "15"]
[EventCountry "RUS"]
[EventCategory "7"]
[SourceTitle "EXT 2008"]
[Source "ChessBase"]
[SourceDate "2007.11.25"]
[SourceVersion "1"]
[SourceVersionDate "2007.11.25"]
[SourceQuality "1"]

1. d4 Nf6 2. Nf3 e6 3. Bf4 c5 4. e3 Qb6 5. Qc1 Nc6 6. c3 d5 7. Nbd2 Bd7 8. Bd3 Nh5 9. Bg3 cxd4 10. exd4 Be7 11. 0-0 Nxg3 12. hxg3 0-0-0 13. b4 Kb8 14. Nb3 Bd6 15. a4 e5 16. dxe5 Nxe5 17. Nxe5 Bxe5 18. a5 Qf6 19. Nd4 h5 20. Qe3 h4 21. f4 Bc7 22. g4 Bxg4 23. Nb5 d4 24. Nxd4 Rde8 25. Qf2 h3 26. Nb5 a6 27. Nxc7 Kxc7 28. Rae1 hxg2 29. Qc5+ Kb8 30. Rxe8+ Rxe8 31. Rf2 Qh4 32. Rxg2 Bh3 33. Bf1 Bxg2 34. Kxg2 Qg4+ 0-1